110岁,有爱不老 (Record no. 67245)

000 -LEADER
fixed length control field 00526nam a22001937a 4500
003 - CONTROL NUMBER IDENTIFIER
control field MPLRDC
005 - DATE AND TIME OF LATEST TRANSACTION
control field 20220104201608.0
008 - FIXED-LENGTH DATA ELEMENTS--GENERAL INFORMATION
fixed length control field 210129b ||||| |||| 00| 0 eng d
020 ## - INTERNATIONAL STANDARD BOOK NUMBER
International Standard Book Number 978-986-7416-75-9
082 ## - DEWEY DECIMAL CLASSIFICATION NUMBER
Classification number 782.886 XZ
100 ## - MAIN ENTRY--PERSONAL NAME
Personal name 许哲 口述
245 ## - TITLE STATEMENT
Title 110岁,有爱不老
Statement of responsibility, etc. 宋芳绮 执笔
250 ## - EDITION STATEMENT
Edition statement 二版一刷
260 ## - PUBLICATION, DISTRIBUTION, ETC.
Place of publication, distribution, etc. 台湾
Name of publisher, distributor, etc. 立绪文化事业有限公司
Date of publication, distribution, etc. 2007
300 ## - PHYSICAL DESCRIPTION
Other physical details
520 ## - SUMMARY, ETC.
Summary, etc. 上架 2017-08-01。
650 ## - SUBJECT ADDED ENTRY--TOPICAL TERM
Topical term or geographic name entry element 中国人物传记--许哲
942 ## - ADDED ENTRY ELEMENTS (KOHA)
Koha item type Book
-- 782.886 XZ
Holdings
Withdrawn status Lost status Source of classification or shelving scheme Damaged status Not for loan Collection code Home library Current library Shelving location Date acquired Cost, normal purchase price Total Checkouts Full call number Barcode Date last seen Date last checked out Price effective from Koha item type Public note
            Malaysian Public Library, Research and Development Centre Malaysian Public Library, Research and Development Centre   20/05/2017 40.00   782.886 XZ 00060887 18/03/2021 12/08/2018 18/03/2021 Book mplrdc

© 2022. Malaysian Public Library, Research and Development Centre. All Right ReservedE-mailmplrdc@help.edu.my 

Powered by Koha